| 000 | 01446nam0a2200385 4500 | ||
|---|---|---|---|
| 001 | RU\NLR\bibl\1344332 | ||
| 005 | 20260413122220.0 | ||
| 010 |
_a978-5-699-31310-5 _97000 |
||
| 021 |
_aRU _b2009-10976 _990д |
||
| 035 | _a(NLR Aleph) 001329474 | ||
| 035 | _a(nilc)RSL-KNO-004252073 | ||
| 090 |
_a791121 _c791121 |
||
| 100 | _a20090302d2009 u y0rusy50 ca | ||
| 101 | 0 | _arus | |
| 102 | _aRU | ||
| 105 | _aa ||||||||| | ||
| 200 | 1 |
_aНаша родина - Россия _e7 + _e[для детей от 7 лет] _fЮ.В. Шуйская _g[худож. М.О. Дмитриев] |
|
| 210 |
_aМосква _cЭксмо _d2009 |
||
| 215 |
_a88, [16] с. _cил., цв. ил., к., портр. _d29 |
||
| 300 | _aНа обл. авт. не указан | ||
| 607 |
_aРоссия _jИздания для детей _91287576 _3RU\NLR\auth\66531811 |
||
| 610 | 0 | _aДетская литература | |
| 610 | 0 | _aэнциклопедии для детей | |
| 686 |
_aШ9:Т3(2)я20(2) _2rubbk |
||
| 686 |
_aШ9 _bТ3(2) |
||
| 700 | 1 |
_aШуйская _bЮ. В. _gЮлия Викторовна _4070 |
|
| 702 | 1 |
_4040 _7ca _8rus _aДмитриев _bМ. О. _cхудожник _gМихаил Олегович _935359 _3RU\NLR\AUTH\7752426 |
|
| 801 | 0 |
_aRU _bРКП _c20090302 _grcr |
|
| 801 | 1 |
_aRU _bРГБ _c20090302 |
|
| 801 | 2 |
_aRU _bNLR _c20090320 _grcr |
|
| 942 | _cBOOK | ||
| 980 | _aNB | ||